| 000 | 00000nam##2200000za#4500 |
| 001 | 9.699169 |
| 003 | CaOODSP |
| 005 | 20240527135429 |
| 007 | cr ||||||||||| |
| 008 | 150407|1996||||xxc|||||o f|0| 0 eng|d |
| 040 | |aCaOODSP|beng |
| 043 | |an-cn--- |
| 086 | 1 |aCW66-404/1996E-PDF |
| 110 | 2 |aCanadian Wildlife Service. |
| 245 | 10|aFramework for landbird conservation in Canada / |h[electronic resource]|cCanadian Landbird Conservation Working Group, Partners in Flight-Canada. |
| 246 | 1 |aCanadian Landbird Conservation Program |
| 260 | |aOttawa - Ontario : |bEnvironment Canada. |cMarch 1996. |
| 300 | |a24p.|billus. |
| 504 | |aBibliography. |
| 590 | |a14-21-Supp|b2014-12-11 |
| 690 | 07|aEnvironmental conservation|2gcpds |
| 690 | 07|aBirds|2gcpds |
| 775 | 08|tPlan-cadre pour la conservation des oiseaux terrestres au Canada / |w(CaOODSP)9.643180 |
| 856 | 40|ahttp://publications.gc.ca|qPDF|s566 KB|uhttps://publications.gc.ca/collections/collection_2014/ec/CW66-404-1996-eng.pdf |